000 00889cam a22002893a 4500
001 21236
003 PGUSA
005 20140828083442.0
008 070427s2007||||xxu|||||s|||||000 1 eng d
040 _aPGUSA
_beng
042 _adc
050 4 _aPZ
100 1 _aReid, Mayne,
_d1818-1883
245 1 4 _aThe Boy Hunters
_h[electronic resource] /
_cMayne Reid
260 _bProject Gutenberg,
_c2007
506 _aPublic domain in the USA.
516 _aElectronic text
653 _aAdventure and adventurers -- Juvenile fiction
653 _aWest (U.S.) -- Juvenile fiction
653 _aIndians of North America -- Juvenile fiction
653 _aHunting -- Juvenile fiction
653 _aNatural history -- Juvenile fiction
653 _aAnimals -- Juvenile fiction
830 0 _aProject Gutenberg
_v21236
856 4 0 _uhttp://www.gutenberg.org/ebooks/21236
942 _cEB
999 _c250491
_d250491